| 000 | 01492nam a22002777a 4500 | ||
|---|---|---|---|
| 008 | 100705t xxu||||| |||| 00| 0 eng d | ||
| 082 |
_222 _a341.2 _bك ل ى |
||
| 100 |
_915882 _aكليفلاند،هارلان |
||
| 245 |
_aميلاد عالم جديد: _bفرصة متاحة لقيادة عالمية / _c هارلان كليفلان؛ تقديم روبرت ماكنمارا ؛ ترجمة جمال على زهران ؛ مراجعة محمود إسماعيل محمد |
||
| 260 |
_aالقاهرة: _bالمكتبة الأكاديمية، 2000 _c2000. |
||
| 300 |
_a358ص ؛ _c24سم. |
||
| 500 | _aترجمة لكتاب: Birth of A New World: An Open Moment for International Leadership/ by Harlan Cleveland; Foreword by Robert S. McNamara , 1993 | ||
| 541 | _aألف باء ؛ | ||
| 650 |
_914582 _aالمنظمات الدولية |
||
| 650 |
_915880 _aعلاقات خارجية |
||
| 650 |
_915471 _aالتعاون الدولي |
||
| 650 |
_914581 _aالأمن الدولي |
||
| 650 |
_916325 _aالسلام العالمي |
||
| 650 |
_916326 _aالمجتمع الدولي |
||
| 650 | _915881 | ||
| 700 |
_915883 _aزهران،جمال على |
||
| 700 |
_915884 _aماكنمارا،روبرت |
||
| 700 |
_915885 _aمحمد،محمود إسماعيل |
||
| 942 |
_2ddc _cBB |
||
| 999 |
_c14375 _d14375 |
||